Biodiversity of Mt. Popa, Myanmar. (Registro nro. 20541)
[ vista simple ]
| 000 -CABECERA | |
|---|---|
| Campo de control | 01079nam a22003377a 4500 |
| 005 - FECHA Y HORA DE LA ULTIMA TRANSACCION | |
| Campo de control | 20191030131159.0 |
| 008 - ELEMENTOS DE LONGITUD FIJA—INFORMACION GENERAL | |
| Campo de control | 191030b xxu||||| |||| 00| 0 spa d |
| 040 ## - FUENTE DE CATALOGACIÓN | |
| Agencia catalogadora original | CO-BoIAVH |
| Agencia transcriptora | CO-BoIAVH |
| 041 ## - IDIOMA | |
| Código de idioma para texto/pista de sonido o título separado | Inglés |
| 044 ## - PAÍS DE PUBLICACIÓN | |
| País de publicación | Corea (Sur) |
| 082 ## - NUMERO DE CLASIFICACION DECIMAL DEWEY | |
| Número de clasificación | 333.9516 |
| Número del ítem | L51b |
| 100 1# - ASIENTO PRINCIPAL--NOMBRE PERSONAL | |
| 9 (RLIN) | 101285 |
| Nombre personal | Lee, Woo-Shin |
| 245 ## - MENCION DE TITULO | |
| Título | Biodiversity of Mt. Popa, Myanmar. |
| 260 ## - PUBLICACION, DISTRIBUCION, ETC. (PIE DE IMPRENTA) | |
| Lugar de publicación, distribución, etc. | Incheon: |
| Nombre del editor, distribuidor, etc. | National Institute of Biological Resources, |
| Fecha de publicación, distribución, etc. | 2014. |
| 300 ## - DESCRIPCION FISICA | |
| Extensión | 224 Páginas: |
| Otros detalles físicos | fotografías, |
| Dimensiones | 22 x 15 cm. |
| 546 ## - NOTA DE IDIOMA | |
| Nota de idioma | Ejemplar 1 en idioma ingles, Ejemplar 2 en idioma Birmano. |
| 650 #0 - ASIENTO SECUNDARIO DE MATERIA - TERMINO TEMATICO | |
| 9 (RLIN) | 73304 |
| Término temático o nombre geográfico como elemento de entrada | Guía Ilustrada |
| 650 #0 - ASIENTO SECUNDARIO DE MATERIA - TERMINO TEMATICO | |
| 9 (RLIN) | 101868 |
| Término temático o nombre geográfico como elemento de entrada | Monte Popa |
| Subdivisión geográfica | Birmania |
| 650 #0 - ASIENTO SECUNDARIO DE MATERIA - TERMINO TEMATICO | |
| 9 (RLIN) | 54 |
| Término temático o nombre geográfico como elemento de entrada | Biodiversidad |
| 651 #0 - ASIENTO SECUNDARIO DE MATERIA - NOMBRE GEOGRAFICO | |
| 9 (RLIN) | 101867 |
| Nombre geográfico | Birmania |
| Subdivisión geográfica | Asia |
| 700 ## - ASIENTO SECUNDARIO - NOMBRE PERSONAL | |
| 9 (RLIN) | 101861 |
| Nombre personal | Kim, Sang-Bae |
| 700 ## - ASIENTO SECUNDARIO - NOMBRE PERSONAL | |
| 9 (RLIN) | 101794 |
| Nombre personal | Suh, Min-Hwan |
| 700 ## - ASIENTO SECUNDARIO - NOMBRE PERSONAL | |
| 9 (RLIN) | 101862 |
| Nombre personal | Seo, Ihn-Weon |
| 700 ## - ASIENTO SECUNDARIO - NOMBRE PERSONAL | |
| 9 (RLIN) | 101863 |
| Nombre personal | Lee, Kyoung-Jin |
| 700 ## - ASIENTO SECUNDARIO - NOMBRE PERSONAL | |
| 9 (RLIN) | 101864 |
| Nombre personal | Kil, Hyun-Jong |
| 700 ## - ASIENTO SECUNDARIO - NOMBRE PERSONAL | |
| 9 (RLIN) | 101799 |
| Nombre personal | Kyaw, Nyi Nyi |
| 700 ## - ASIENTO SECUNDARIO - NOMBRE PERSONAL | |
| 9 (RLIN) | 101800 |
| Nombre personal | Thaw, Win Naing |
| 700 ## - ASIENTO SECUNDARIO - NOMBRE PERSONAL | |
| 9 (RLIN) | 101865 |
| Nombre personal | Htun, Naing Zaw |
| 700 ## - ASIENTO SECUNDARIO - NOMBRE PERSONAL | |
| 9 (RLIN) | 101866 |
| Nombre personal | Park, Sung-Jin |
| 942 ## - ELEMENTOS ADICIONALES (KOHA) | |
| Sistema de clasificación | Dewey Decimal Classification |
| Tipo de ítem | Libro |
| Withdrawn status | Lost status | Sistema de Clasificación | Damaged status | No para préstamo | Colección | Ubicación Permanente | Ubicación actual | Fecha de adquisición | Total Checkouts | Número topográfico | Inventario / Código de Barras | Date last seen | Ejemplar | Price effective from | Forma de adquisición | Tipo de material |
|---|---|---|---|---|---|---|---|---|---|---|---|---|---|---|---|---|
| Dewey Decimal Classification | General | Bogotá | Bogotá | 30/10/2019 | LB-333.9516 L51b | 043662 | 30/10/2019 | Ej.1 | 30/10/2019 | Canje | Libro | |||||
| Dewey Decimal Classification | General | Bogotá | Bogotá | 30/10/2019 | LB-333.9516 L51b | 043663 | 30/10/2019 | Ej.2 | 30/10/2019 | Canje | Libro |